000 00453nam a2200193Ia 4500
008 101110s9999 xx 000 0 und d
041 _aENGLISH
082 _bSR15136
_a0.32
100 _aBlishen Edward
245 _aJr. Pears Encyclopaedia
365 _b94.6
520 _aEnglish
546 _aENGLISH
630 _aJr. Pears Encyclopaedia
650 _aEnglish
655 _aEnglish
730 _aJr. Pears Encyclopaedia
942 _cBOOK
999 _c809110
_d809107